Testicular Tumours Managament & Treatment

Bibliographic Details
Main Author: Abrahámová, Jitka (Author)
Format: Book
Language:English
PhysicalDescription:187 s. 24 cm
Published: Prague Charles Univerzity 1991
Edition:1., ed.
Series:Acta Universitatis Carolinae Medica Monographia 138. 1990

MARC

LEADER 00000nam a2200000 a 4500
001 vtls001128240
003 SK-MaSNL
005 20260301111654.0
008 250414s1991 CS 0 eng
035 |a SNK000071090 
040 |a SNK  |b slo  |c SNK  |e AACR2 
041 0 |a eng 
044 |a [CS] 
080 |a 616.681-006:616-07  |2 1981 
080 |a 616-07  |2 1981 
080 |a 616.681-006  |2 1981 
080 |a 616-08  |2 1981 
100 1 |a Abrahámová, Jitka  |4 aut  |9 451242 
245 1 0 |a Testicular Tumours  |b Managament & Treatment  |c Jitka Abrahámová 
250 |a 1., ed. 
260 |a Prague  |b Charles Univerzity  |c 1991 
300 |a 187 s.  |c 24 cm 
490 0 |a Acta Universitatis Carolinae Medica  |v Monographia 138. 1990 
852 |a Slovenská národná knižnica 
954 |a semenníky (orgány pohlavné mužské)  |a nádory 
999 |c 707939  |d 709869 
952 |t P60, <04>, [BOOK], {604}  |a SNK  |b SNK  |y NEVYP  |7 0  |p 17A0184119  |o snkIC 118090 D1  |0 0  |1 1  |4 0  |d 1999-03-05  |l 0  |r 2005-01-01 00:00:00  |w 2026-02-23